[Event "Ronne Jubilaum"]
[Site "Ronne"]
[Date "2001.06.27"]
[Round "6"]
[White "Bernhardsson, Sten"]
[Black "Hornsgaard, Jens Boe"]
[Result "1-0"]
[WhiteElo "2291"]
[BlackElo "1902"]
[PlyCount "55"]
[EventDate "2001.??.??"]
[EventType "swiss"]
[EventRounds "9"]
[EventCountry "DEN"]
[SourceDate "2005.12.01"]

1. d4 d5 2. c4 e6 3. Nf3 Nf6 4. Bg5 c6 5. e3 Nbd7 6. Bd3 Qa5+ 7. Nc3 Bb4 8. O-O
Bxc3 9. bxc3 Qxc3 10. Rc1 Qa5 11. Qc2 O-O 12. Rb1 dxc4 13. Bxc4 e5 14. Bxf6
gxf6 15. Qe4 exd4 16. exd4 Qh5 17. Rb3 Nb6 18. Be2 Bf5 19. Qf4 Qg4 20. Qd2 Rad8
21. h3 Qe4 22. Ra3 Kh8 23. Bd3 Qd5 24. Ra5 c5 25. Rxc5 Qxc5 26. dxc5 Bxd3 27.
Rd1 Nc4 28. Qf4 1-0

[Event "Ronne Jubilaum"]
[Site "Ronne"]
[Date "2001.06.27"]
[Round "6"]
[White "Aurlund, Kjell"]
[Black "Sandstrom, Anders"]
[Result "1/2-1/2"]
[WhiteElo "2305"]
[BlackElo "1894"]
[PlyCount "35"]
[EventDate "2001.??.??"]
[EventType "swiss"]
[EventRounds "9"]
[EventCountry "DEN"]
[SourceDate "2005.12.01"]

1. e4 c5 2. Nf3 d6 3. c3 Nf6 4. Be2 Nbd7 5. d3 b6 6. Nbd2 Bb7 7. O-O g6 8. d4
Qc7 9. e5 dxe5 10. dxe5 Ng4 11. Bb5 O-O-O 12. Qa4 h5 13. Qxa7 Ndxe5 14. Nxe5
Nxe5 15. Ba6 Bxa6 16. Qxa6+ Qb7 17. Qb5 Bh6 18. Nc4 1/2-1/2

[Event "Ronne Jubilaum"]
[Site "Ronne"]
[Date "2001.06.27"]
[Round "6"]
[White "Schmidt, Horst Hubert"]
[Black "Hansen, Jacob "]
[Result "0-1"]
[WhiteElo "2006"]
[BlackElo "1878"]
[PlyCount "84"]
[EventDate "2001.??.??"]
[EventType "swiss"]
[EventRounds "9"]
[EventCountry "DEN"]
[SourceDate "2005.12.01"]

1. d4 f5 2. g3 Nf6 3. Bg5 e6 4. c4 Be7 5. Bg2 c6 6. Nc3 O-O 7. Nf3 d6 8. O-O
Nbd7 9. Re1 h6 10. Bf4 g5 11. Bd2 Ne4 12. h3 Ndf6 13. e3 Rf7 14. Nh2 Qe8 15.
Nxe4 fxe4 16. Ng4 Nxg4 17. Qxg4 d5 18. cxd5 exd5 19. Qh5 Qf8 20. Rf1 Bf5 21.
Qe2 Bd6 22. a3 Rf6 23. b4 a6 24. Rab1 Qf7 25. a4 Bd7 26. Kh2 Rf8 27. Kg1 h5 28.
Be1 Qg6 29. Bc3 Bc7 30. Qa2 h4 31. b5 g4 32. bxa6 gxh3 33. Bb4 hxg2 34. Bxf8
gxf1=Q+ 35. Rxf1 Rxf8 36. a7 Ra8 37. Qa3 Qe6 38. Qb3 Rxa7 39. f4 hxg3 40. Qd1
Qh6 41. Qe2 Qh4 42. f5 Qh2+ 0-1

[Event "Ronne Jubilaum"]
[Site "Ronne"]
[Date "2001.06.27"]
[Round "6"]
[White "Almind, Heinrich Dalsgaard"]
[Black "Nielsen, Rasmus Lundberg"]
[Result "1-0"]
[WhiteElo "2238"]
[BlackElo "1684"]
[PlyCount "65"]
[EventDate "2001.??.??"]
[EventType "swiss"]
[EventRounds "9"]
[EventCountry "DEN"]
[SourceDate "2005.12.01"]

1. d4 f5 2. Bf4 Nf6 3. e3 g6 4. Nd2 Bg7 5. Bc4 e6 6. Ngf3 d6 7. c3 O-O 8. h4 h6
9. Qc2 Nc6 10. O-O-O Na5 11. Be2 Qe7 12. e4 Ng4 13. Rdf1 e5 14. dxe5 dxe5 15.
Bh2 Kh7 16. h5 g5 17. exf5 Bxf5 18. Bd3 Bxd3 19. Qxd3+ Kh8 20. Bg3 Nc6 21. Re1
Qe6 22. Qe4 b5 23. Nb3 Nf6 24. Qe2 Ng4 25. Qxb5 Rab8 26. Qa4 Rb6 27. Re2 Nb8
28. Nc5 Qd6 29. Qxg4 Qxc5 30. Bxe5 Bxe5 31. Nxe5 Rxf2 32. Nd3 Qf5 33. Qd4+ 1-0

[Event "Ronne Jubilaum"]
[Site "Ronne"]
[Date "2001.06.27"]
[Round "6"]
[White "Knudsen, Jesper"]
[Black "Taksrud, Vidar"]
[Result "0-1"]
[WhiteElo "1617"]
[BlackElo "1944"]
[PlyCount "72"]
[EventDate "2001.??.??"]
[EventType "swiss"]
[EventRounds "9"]
[EventCountry "DEN"]
[SourceDate "2005.12.01"]

1. e4 c5 2. Nf3 e6 3. d4 cxd4 4. Nxd4 Nc6 5. Nc3 Qc7 6. Be3 a6 7. Be2 Nf6 8.
O-O Bd6 9. g3 Be7 10. Bf3 O-O 11. a4 Ne5 12. Bg2 Nc4 13. Bc1 d5 14. exd5 e5 15.
Nde2 Re8 16. b3 Nb6 17. a5 Nbd7 18. Ne4 Nxe4 19. Bxe4 Nf6 20. Bg2 Bb4 21. c4
Bxa5 22. Ba3 Bg4 23. Rc1 Qd7 24. b4 Bc7 25. Re1 Rac8 26. f3 Bh5 27. b5 axb5 28.
Nf4 bxc4 29. Nxh5 Nxh5 30. f4 Nf6 31. d6 Bb6+ 32. Kh1 e4 33. Rxe4 Nxe4 34. Bxe4
Bc5 35. Bxh7+ Kxh7 36. Qh5+ Kg8 0-1

[Event "Ronne Jubilaum"]
[Site "Ronne"]
[Date "2001.06.27"]
[Round "6"]
[White "Christiansen, Erling Molbaek"]
[Black "Moller, Morten Kock"]
[Result "1/2-1/2"]
[WhiteElo "1928"]
[BlackElo "1859"]
[PlyCount "50"]
[EventDate "2001.??.??"]
[EventType "swiss"]
[EventRounds "9"]
[EventCountry "DEN"]
[SourceDate "2005.12.01"]

1. e4 e5 2. Nf3 Nc6 3. d4 exd4 4. Nxd4 Nf6 5. Nxc6 bxc6 6. Bd3 d5 7. Qe2 Be7 8.
O-O O-O 9. b3 dxe4 10. Bxe4 Qd4 11. Bxc6 Qxa1 12. Bxa8 Qxb1 13. Ba3 Qxf1+ 14.
Kxf1 Bxa3 15. Bc6 Bd6 16. h4 Nd7 17. a4 Ne5 18. Be4 Kh8 19. f4 f5 20. Bd5 Ng4
21. g3 Nf6 22. Bc6 Bc5 23. Qc4 Bd6 24. a5 Ng4 25. Kg1 Nf6 1/2-1/2

[Event "Ronne Jubilaum"]
[Site "Ronne"]
[Date "2001.06.27"]
[Round "6"]
[White "Dalrud, Endre"]
[Black "Pajkic, Nicolas"]
[Result "1-0"]
[WhiteElo "2145"]
[BlackElo "1903"]
[PlyCount "68"]
[EventDate "2001.??.??"]
[EventType "swiss"]
[EventRounds "9"]
[EventCountry "DEN"]
[SourceDate "2005.12.01"]

1. e4 e6 2. d4 d5 3. Nd2 Nf6 4. e5 Nfd7 5. Bd3 b6 6. Qe2 c5 7. c3 a5 8. f4 Ba6
9. Bxa6 Nxa6 10. a3 Be7 11. Ngf3 O-O 12. O-O Nc7 13. Rf2 f5 14. Nf1 b5 15. Ne3
Qb8 16. g4 g6 17. Bd2 Kh8 18. Kh1 Qb6 19. Rg1 b4 20. gxf5 gxf5 21. Ng5 Bxg5 22.
fxg5 Kg7 23. Qh5 Rh8 24. Qh6+ Kf7 25. g6+ Ke8 26. g7 Rg8 27. Qxh7 Ke7 28. Nxf5+
exf5 29. Bg5+ Nf6 30. exf6+ Kf7 31. Qh5+ Ke6 32. Re2+ Kd7 33. Re7+ Kc6 34. Bf4
Ne6 1-0

[Event "Ronne Jubilaum"]
[Site "Ronne"]
[Date "2001.06.27"]
[Round "6"]
[White "Andersen, Kaare Vissing"]
[Black "Ferrung, Steffen"]
[Result "1-0"]
[WhiteElo "2312"]
[BlackElo "1740"]
[PlyCount "37"]
[EventDate "2001.??.??"]
[EventType "swiss"]
[EventRounds "9"]
[EventCountry "DEN"]
[SourceDate "2005.12.01"]

1. e4 e5 2. Nf3 Nf6 3. Nc3 Nc6 4. Bb5 Nd4 5. Ba4 Bc5 6. O-O Qe7 7. d3 h6 8.
Nxd4 exd4 9. Ne2 O-O 10. c3 dxc3 11. bxc3 c6 12. d4 Bb6 13. e5 Ne4 14. c4 d5
15. exd6 Qh4 16. c5 Bd8 17. Rb1 f5 18. f3 Nf6 19. Nf4 1-0

[Event "Ronne Jubilaum"]
[Site "Ronne"]
[Date "2001.06.27"]
[Round "6"]
[White "Svanholm, Borge"]
[Black "Johansson, Pelle"]
[Result "0-1"]
[WhiteElo "1712"]
[BlackElo "2078"]
[PlyCount "96"]
[EventDate "2001.??.??"]
[EventType "swiss"]
[EventRounds "9"]
[EventCountry "DEN"]
[SourceDate "2005.12.01"]

1. c4 c6 2. d4 d5 3. Nf3 Nf6 4. Nc3 dxc4 5. a4 Bf5 6. e3 e6 7. Bxc4 Bb4 8. O-O
Nbd7 9. Qe2 Bg4 10. h3 Bh5 11. e4 O-O 12. Rd1 Qa5 13. Na2 Qxa4 14. Bg5 Qa5 15.
Nc3 Qc7 16. Bh4 Qf4 17. Bg3 Bxf3 18. gxf3 Qh6 19. Kh2 Nh5 20. Ra4 a5 21. Raa1
Nb6 22. Bb3 Kh8 23. Bc7 Nf4 24. Qf1 Nd7 25. Ne2 Nxe2 26. Qxe2 Nf6 27. Rg1 Nh5
28. Qe3 Qxe3 29. fxe3 Bd2 30. Rg5 g6 31. Rc5 Bxe3 32. Rd1 a4 33. Bc2 a3 34.
bxa3 Rxa3 35. Rc4 Bf4+ 36. Bxf4 Nxf4 37. Kg3 Nh5+ 38. Kf2 Rd8 39. Rb1 Rd7 40.
Rcb4 Ra2 41. Rc4 Nf4 42. Ke3 Nxh3 43. Bd3 h5 44. f4 Nf2 45. Bc2 Ng4+ 46. Kf3
Ra3+ 47. Rb3 Rxb3+ 48. Bxb3 Kg7 0-1

[Event "Ronne Jubilaum"]
[Site "Ronne"]
[Date "2001.06.27"]
[Round "6"]
[White "Erikstad, Olav Aage"]
[Black "Evensen, Tom Richard"]
[Result "0-1"]
[WhiteElo "1548"]
[BlackElo "1838"]
[PlyCount "122"]
[EventDate "2001.??.??"]
[EventType "swiss"]
[EventRounds "9"]
[EventCountry "DEN"]
[SourceDate "2005.12.01"]

1. e4 c6 2. d4 d5 3. e5 Bf5 4. h4 h5 5. Bd3 Bxd3 6. Qxd3 e6 7. Nf3 Qb6 8. O-O
Qa6 9. Qxa6 Nxa6 10. c3 Ne7 11. Re1 c5 12. a3 Rc8 13. Bg5 Nf5 14. Nbd2 Be7 15.
Bxe7 Kxe7 16. Nb3 Rc7 17. dxc5 Nxc5 18. Nxc5 Rxc5 19. Rad1 Rhc8 20. g3 a5 21.
Nd4 Nxd4 22. Rxd4 Rb5 23. Re2 Rcc5 24. Kg2 Rb3 25. Kf3 Rcb5 26. a4 Rb6 27. Rdd2
R6b4 28. Kg2 Rxa4 29. f3 Rc4 30. Kf2 a4 31. Kg2 a3 32. bxa3 Rcxc3 33. Rf2 Rxa3
34. Rb2 Rab3 35. Rbe2 Re3 36. Rc2 Rxe5 37. Rc7+ Kf6 38. g4 d4 39. g5+ Kg6 40.
f4 Rd5 41. Kf1 Rb1+ 42. Kg2 b5 43. Rb7 d3 44. Rd2 Rc1 45. Kf3 Rc2 46. Ke3 Rxd2
47. Kxd2 f6 48. gxf6 gxf6 49. Rb6 Kf5 50. Kd1 e5 51. fxe5 fxe5 52. Rh6 Kg4 53.
Rg6+ Kf3 54. Rg5 b4 55. Rxh5 b3 56. Rf5+ Ke3 57. Rg5 b2 58. Rg3+ Ke4 59. Kd2
b1=Q 60. Rxd3 Qxd3+ 61. Ke1 Ke3 0-1

[Event "Ronne Jubilaum"]
[Site "Ronne"]
[Date "2001.06.27"]
[Round "6"]
[White "Furseev, Evgeni"]
[Black "Kraft, Rene"]
[Result "1-0"]
[WhiteElo "1800"]
[BlackElo "1627"]
[PlyCount "45"]
[EventDate "2001.??.??"]
[EventType "swiss"]
[EventRounds "9"]
[EventCountry "DEN"]
[SourceDate "2005.12.01"]

1. e4 e5 2. Nf3 Nc6 3. Bc4 h6 4. O-O d6 5. d4 Bg4 6. h3 Bxf3 7. Qxf3 Qf6 8. Qb3
Nxd4 9. Qxb7 Qd8 10. Na3 Nf6 11. c3 Ne6 12. Bb5+ Nd7 13. Bc6 Rb8 14. Qxa7 Be7
15. Bxd7+ Kxd7 16. Qa4+ c6 17. b4 Ra8 18. Qb3 Rf8 19. Be3 f5 20. exf5 Rxf5 21.
Nc4 Rb8 22. Rad1 Qc7 23. g4 1-0

[Event "Ronne Jubilaum"]
[Site "Ronne"]
[Date "2001.06.27"]
[Round "6"]
[White "Blum, Thomas"]
[Black "Tairova, Elena"]
[Result "1/2-1/2"]
[WhiteElo "2117"]
[BlackElo "1800"]
[PlyCount "59"]
[EventDate "2001.??.??"]
[EventType "swiss"]
[EventRounds "9"]
[EventCountry "DEN"]
[SourceDate "2005.12.01"]

1. d4 d5 2. c4 e6 3. Nc3 Nf6 4. Bg5 Be7 5. e3 c6 6. cxd5 exd5 7. Bd3 O-O 8. Qc2
Nbd7 9. Nge2 Re8 10. O-O Nf8 11. f3 c5 12. Qd2 Ng6 13. Kh1 cxd4 14. Nxd4 h6 15.
Bxg6 fxg6 16. Bh4 Bc5 17. Rfe1 g5 18. Bf2 g4 19. Nb3 Bb6 20. Rad1 gxf3 21. gxf3
Be6 22. Nd4 Bf7 23. Rc1 Bh5 24. Nce2 g5 25. Ng3 Bg6 26. h4 Qd7 27. Kh2 Bc7 28.
hxg5 hxg5 29. Kg2 Kf7 30. Rh1 1/2-1/2

[Event "Ronne Jubilaum"]
[Site "Ronne"]
[Date "2001.06.27"]
[Round "6"]
[White "Cordes, Till"]
[Black "Petersen, Jan"]
[Result "1-0"]
[WhiteElo "1431"]
[BlackElo "1742"]
[PlyCount "49"]
[EventDate "2001.??.??"]
[EventType "swiss"]
[EventRounds "9"]
[EventCountry "DEN"]
[SourceDate "2005.12.01"]

1. e4 e5 2. f4 exf4 3. Nf3 Be7 4. Bc4 Nf6 5. Nc3 Nxe4 6. Bxf7+ Kxf7 7. Ne5+ Kg8
8. Nxe4 Bh4+ 9. g3 d6 10. Nf3 d5 11. d4 dxe4 12. Nxh4 f3 13. O-O g5 14. Nxf3
exf3 15. Qxf3 Be6 16. Bxg5 Qxd4+ 17. Be3 Qd8 18. Bh6 Nd7 19. Rad1 Qe7 20. Rde1
Re8 21. Re4 Qd6 22. Qg4+ Bxg4 23. Rxe8+ Nf8 24. Rfxf8+ Qxf8 25. Rxf8# 1-0

[Event "Ronne Jubilaum"]
[Site "Ronne"]
[Date "2001.06.27"]
[Round "6"]
[White "Mildenberger, Hans"]
[Black "Holstein Ratlau, Claus Hoeg"]
[Result "1/2-1/2"]
[WhiteElo "1700"]
[BlackElo "1827"]
[PlyCount "55"]
[EventDate "2001.??.??"]
[EventType "swiss"]
[EventRounds "9"]
[EventCountry "DEN"]
[SourceDate "2005.12.01"]

1. d4 Nf6 2. c4 g6 3. Nc3 Bg7 4. Nf3 O-O 5. e3 d6 6. Bd3 Nc6 7. O-O e5 8. d5
Ne7 9. e4 Nd7 10. Be3 a5 11. a4 Kh8 12. Ng5 h6 13. Nf3 Ng8 14. Ne2 f5 15. exf5
gxf5 16. Bb1 Nc5 17. Bxc5 dxc5 18. Qc2 e4 19. Nd2 Qg5 20. Ng3 Nf6 21. Ra3 Nh5
22. Re1 Bd4 23. Nxh5 Qxh5 24. Rh3 Qg5 25. Nb3 Bd7 26. Rg3 Qf4 27. Nxc5 Rf7 28.
Nxd7 1/2-1/2

[Event "Ronne Jubilaum"]
[Site "Ronne"]
[Date "2001.06.27"]
[Round "6"]
[White "Jensen, Jan Kargaard"]
[Black "Simonsen, Per"]
[Result "1/2-1/2"]
[WhiteElo "1644"]
[BlackElo "1723"]
[PlyCount "68"]
[EventDate "2001.??.??"]
[EventType "swiss"]
[EventRounds "9"]
[EventCountry "DEN"]
[SourceDate "2005.12.01"]

1. d4 d5 2. g3 Nf6 3. Bg2 e6 4. Nf3 c5 5. e3 Nc6 6. O-O b5 7. dxc5 Bxc5 8. Nd4
Qb6 9. Nxc6 Qxc6 10. Nd2 Ba6 11. Re1 Rd8 12. c3 Be7 13. Qb3 O-O 14. e4 Qb6 15.
exd5 Bc5 16. Re2 exd5 17. Nf1 b4 18. Rd2 Ng4 19. Qc2 Rfe8 20. Qf5 Bxf1 21. Bxf1
Nf6 22. cxb4 Qxb4 23. a3 Qb6 24. b4 Bd4 25. Bb2 Bxb2 26. Rxb2 Qd4 27. Qc2 Rc8
28. Qd2 Qe5 29. Bg2 Ne4 30. Bxe4 dxe4 31. Rab1 Red8 32. Qe2 Rd3 33. Rb3 Rxb3
34. Rxb3 Rc1+ 1/2-1/2

[Event "Ronne Jubilaum"]
[Site "Ronne"]
[Date "2001.06.28"]
[Round "7"]
[White "Hillarp Persson, Tiger"]
[Black "Loginov, Valery A"]
[Result "1-0"]
[WhiteElo "2443"]
[BlackElo "2499"]
[PlyCount "137"]
[EventDate "2001.??.??"]
[EventType "swiss"]
[EventRounds "9"]
[EventCountry "DEN"]
[SourceDate "2005.12.01"]

1. c4 Nf6 2. Nc3 e5 3. Nf3 Nc6 4. d3 Bc5 5. e3 d6 6. a3 a5 7. Be2 O-O 8. O-O
Bg4 9. h3 Bh5 10. b3 Re8 11. Bb2 Ba7 12. Rc1 Ne7 13. b4 c6 14. Ne4 Nxe4 15.
dxe4 Bg6 16. c5 dxc5 17. bxc5 Qxd1 18. Rfxd1 f6 19. Nd2 Kf8 20. a4 Red8 21. Ba3
Rd7 22. f3 b6 23. cxb6 Bxb6 24. Nc4 Rxd1+ 25. Rxd1 Bd8 26. Rb1 c5 27. Bxc5 Be8
28. Nb6 Bxb6 29. Rxb6 Rc8 30. Bd6 Rc6 31. Rxc6 Bxc6 32. Bd1 Ke8 33. Bc7 Nc8 34.
Bxa5 Nd6 35. Bb3 Kd7 36. h4 Bb7 37. Bb4 Ba6 38. Bd5 Nc4 39. Bc5 Nb2 40. Bf8
Nxa4 41. Bxg7 Ke7 42. Bg8 h5 43. f4 exf4 44. exf4 Nc5 45. e5 fxe5 46. fxe5 Be2
47. Bf6+ Kd7 48. Bd5 Bg4 49. Kf2 Bf5 50. Ke3 Bg6 51. Bc4 Bc2 52. Be2 Bg6 53. g4
hxg4 54. Bxg4+ Ne6 55. h5 Bc2 56. Kd2 Bb1 57. Kc3 Be4 58. Kc4 Bb1 59. h6 Ba2+
60. Kd3 Bb1+ 61. Ke2 Bc2 62. Kd2 Bb1 63. Be2 Nf8 64. Bg7 Nh7 65. Bc4 Ke7 66.
Ke3 Bc2 67. Kf4 Bg6 68. Bd5 Bc2 69. Be4 1-0

[Event "Ronne Jubilaum"]
[Site "Ronne"]
[Date "2001.06.28"]
[Round "7"]
[White "Kveinys, Aloyzas"]
[Black "De Firmian, Nick E"]
[Result "1/2-1/2"]
[WhiteElo "2533"]
[BlackElo "2382"]
[PlyCount "87"]
[EventDate "2001.??.??"]
[EventType "swiss"]
[EventRounds "9"]
[EventCountry "DEN"]
[SourceDate "2005.12.01"]

1. c4 c5 2. g3 Nc6 3. Bg2 g6 4. Nf3 Bg7 5. Nc3 d6 6. O-O e5 7. d3 Nge7 8. Ne1
Be6 9. Nc2 d5 10. cxd5 Nxd5 11. Ne4 b6 12. Ng5 Bc8 13. Ne3 Nde7 14. f4 exf4 15.
Qb3 O-O 16. Rxf4 Nd4 17. Nxf7 Nxb3 18. Nxd8 Nxc1 19. Rxc1 Rxf4 20. Nd5 Bxb2 21.
Nxe7+ Kf8 22. Rc2 Bd4+ 23. Kh1 Rf6 24. Bxa8 Rf1+ 25. Kg2 Rf2+ 26. Kh1 Rf1+ 27.
Kg2 Rf2+ 28. Kh1 Bh3 29. Rc1 Be3 30. Rb1 Kxe7 31. Nc6+ Kd7 32. Ne5+ Kc7 33. Bf3
Bd4 34. Ng4 Rxf3 35. exf3 h5 36. Nh6 Be6 37. Re1 Kd6 38. g4 Bxa2 39. gxh5 Bd5
40. Kg2 gxh5 41. Nf5+ Kc6 42. Ne7+ Kd6 43. Nf5+ Kc6 44. Ne7+ 1/2-1/2

[Event "Ronne Jubilaum"]
[Site "Ronne"]
[Date "2001.06.28"]
[Round "7"]
[White "Ibragimov, Ildar"]
[Black "Smetankin, Stanislav"]
[Result "1/2-1/2"]
[WhiteElo "2578"]
[BlackElo "2431"]
[PlyCount "112"]
[EventDate "2001.??.??"]
[EventType "swiss"]
[EventRounds "9"]
[EventCountry "DEN"]
[SourceDate "2005.12.01"]

1. Nf3 c5 2. c4 Nf6 3. Nc3 b6 4. e3 Bb7 5. d4 cxd4 6. exd4 e6 7. a3 Ne4 8. Nxe4
Bxe4 9. Bd3 Bxd3 10. Qxd3 d5 11. O-O dxc4 12. Qxc4 Be7 13. Ne5 Qd5 14. Qxd5
exd5 15. Bf4 f6 16. Rac1 fxe5 17. Rc8+ Kf7 18. Rxh8 exf4 19. Rc1 Bd6 20. Rcc8
a5 21. h4 a4 22. h5 h6 23. Rhd8 Ke7 24. Re8+ Kf7 25. Red8 Ke7 26. f3 Ra5 27.
Rxd6 Kxd6 28. Rxb8 Rb5 29. Rb7 Rxb2 30. Rxg7 Re2 31. Ra7 b5 32. Ra6+ Kd7 33.
Rb6 Re3 34. Rxb5 Ke6 35. Rb6+ Kf5 36. Rxh6 Kg5 37. Ra6 Kxh5 38. Rxa4 Rd3 39.
Rb4 Kh4 40. Kh2 Rxa3 41. Rb5 Ra2 42. Rb8 Rd2 43. Re8 Rxd4 44. Re5 Rd1 45. Rf5
Rd4 46. Kg1 Rd1+ 47. Kf2 Rd2+ 48. Kf1 Rd4 49. Ke2 Ra4 50. Rxd5 Ra2+ 51. Kd3
Rxg2 52. Ke4 Ra2 53. Kxf4 Ra4+ 54. Ke3 Kg3 55. Rg5+ Kh4 56. Re5 Kg3 1/2-1/2

[Event "Ronne Jubilaum"]
[Site "Ronne"]
[Date "2001.06.28"]
[Round "7"]
[White "Kiriakov, Petr"]
[Black "Hector, Jonny"]
[Result "1/2-1/2"]
[WhiteElo "2546"]
[BlackElo "2546"]
[PlyCount "171"]
[EventDate "2001.??.??"]
[EventType "swiss"]
[EventRounds "9"]
[EventCountry "DEN"]
[SourceDate "2005.12.01"]

1. d4 d5 2. c4 c6 3. Nc3 Nf6 4. e3 e6 5. a3 Nbd7 6. Qc2 b6 7. cxd5 exd5 8. Bd3
Bb7 9. Nf3 Be7 10. O-O c5 11. b3 a6 12. Bb2 O-O 13. Rac1 Bd6 14. Bf5 Re8 15.
Rfd1 Rc8 16. Qb1 Qe7 17. a4 g6 18. Bh3 c4 19. g3 Rb8 20. Nd2 cxb3 21. Nxb3 h5
22. Nd2 Ng4 23. Qd3 Ndf6 24. Bg2 h4 25. Nf1 b5 26. axb5 axb5 27. Ra1 hxg3 28.
hxg3 Bc6 29. f3 b4 30. fxg4 bxc3 31. Qxc3 Bb5 32. Ba3 Nxg4 33. Bxd5 Qf6 34. Qd2
Bxa3 35. Rxa3 Qd6 36. Qa2 Bxf1 37. Bxf7+ Kg7 38. Rxf1 Qxg3+ 39. Qg2 Qxg2+ 40.
Kxg2 Rxe3 41. Ra2 Re7 42. Rf4 Ne3+ 43. Kf3 Rb1 44. Bxg6 Kxg6 45. Ra6+ Kg7 46.
Ra5 Rb3 47. Kf2 Rc7 48. Rf3 Rc2+ 49. Kg3 Rg2+ 50. Kh3 Rg6 51. Ra7+ Kh6 52. Rg3
Re6 53. Ra8 Rb7 54. Rh8+ Rh7 55. Rxh7+ Kxh7 56. Rg5 Rd6 57. Kg3 Kh6 58. Rg8 Rf6
59. Re8 Nf5+ 60. Kg4 Kg6 61. d5 Nh6+ 62. Kg3 Kg5 63. Re5+ Nf5+ 64. Kf3 Ra6 65.
Ke4 Ra4+ 66. Kd3 Kf4 67. Re8 Nd6 68. Re6 Ne4 69. Re8 Nc5+ 70. Kc3 Nd7 71. d6
Ne5 72. Rc8 Ra1 73. d7 Nxd7 74. Re8 Ne5 75. Kb2 Ra5 76. Kc2 Ke4 77. Kc3 Rc5+
78. Kd2 Rc6 79. Kd1 Kd4 80. Kd2 Nf3+ 81. Ke2 Rf6 82. Re7 Ne5 83. Re8 Rf3 84.
Rd8+ Ke4 85. Kd2 Nc6 86. Re8+ 1/2-1/2

[Event "Ronne Jubilaum"]
[Site "Ronne"]
[Date "2001.06.28"]
[Round "7"]
[White "Jakobsen, Ole"]
[Black "Berg, Klaus"]
[Result "1/2-1/2"]
[WhiteElo "2399"]
[BlackElo "2316"]
[PlyCount "33"]
[EventDate "2001.??.??"]
[EventType "swiss"]
[EventRounds "9"]
[EventCountry "DEN"]
[SourceDate "2005.12.01"]

1. d4 c6 2. c4 d5 3. Nf3 Nf6 4. e3 a6 5. Bd3 b5 6. b3 Bg4 7. Nbd2 e6 8. Qc2
Nbd7 9. Bb2 Bh5 10. O-O Be7 11. Rfc1 Bg6 12. a4 O-O 13. Bxg6 hxg6 14. cxb5 cxb5
15. Qc6 bxa4 16. Qxa4 Qb8 17. Ba3 1/2-1/2

[Event "Ronne Jubilaum"]
[Site "Ronne"]
[Date "2001.06.28"]
[Round "7"]
[White "Pedersen, Steffen"]
[Black "Scholvin, Bjoern"]
[Result "1-0"]
[WhiteElo "2463"]
[BlackElo "2122"]
[PlyCount "71"]
[EventDate "2001.??.??"]
[EventType "swiss"]
[EventRounds "9"]
[EventCountry "DEN"]
[SourceDate "2005.12.01"]

1. d4 d5 2. c4 Nc6 3. Nc3 Nf6 4. Nf3 dxc4 5. e3 Bg4 6. Bxc4 e6 7. h3 Bh5 8. Be2
Bb4 9. O-O O-O 10. a3 Bxc3 11. bxc3 Ne4 12. Bb2 Nd6 13. g4 Bg6 14. c4 f5 15. d5
fxg4 16. hxg4 exd5 17. cxd5 Qd7 18. Nh4 Ne7 19. Qd4 Rf7 20. Rfd1 Bc2 21. Rd2
Ng6 22. Nf3 Ne4 23. Ne5 Nxe5 24. Rxc2 Re8 25. Qxe4 Nf3+ 26. Qxf3 Rxf3 27. Bxf3
h5 28. gxh5 Qf5 29. Rxc7 Qxf3 30. Rxg7+ Kf8 31. h6 Re7 32. Rc1 Qh3 33. d6 Re4
34. h7 Rh4 35. Rc8+ Qxc8 36. Rg8+ 1-0

[Event "Ronne Jubilaum"]
[Site "Ronne"]
[Date "2001.06.28"]
[Round "7"]
[White "Gaponenko, Inna"]
[Black "Hoi, Carsten"]
[Result "1-0"]
[WhiteElo "2373"]
[BlackElo "2404"]
[PlyCount "60"]
[EventDate "2001.??.??"]
[EventType "swiss"]
[EventRounds "9"]
[EventCountry "DEN"]
[SourceDate "2005.12.01"]

1. e4 g6 2. d4 Bg7 3. Nc3 d6 4. f4 Nf6 5. Nf3 O-O 6. Bd3 Na6 7. O-O c5 8. d5
Bg4 9. Kh1 Nc7 10. Qe1 Bxf3 11. Rxf3 a6 12. Qh4 Nb5 13. Ne2 e6 14. c4 exd5 15.
exd5 Nd4 16. Nxd4 cxd4 17. f5 Nh5 18. Bg5 f6 19. Bd2 Qe8 20. g4 Nf4 21. Re1 Qd8
22. Bxf4 g5 23. Qf2 gxf4 24. Rxf4 Qa5 25. a3 b5 26. cxb5 axb5 27. Rxd4 Rfc8 28.
Rb4 Rc5 29. Qe2 Bf8 30. Qe6+ Kh8 1-0

[Event "Ronne Jubilaum"]
[Site "Ronne"]
[Date "2001.06.28"]
[Round "7"]
[White "Golovchenko, Gleb"]
[Black "Fries Nielsen, Jens Ove"]
[Result "1/2-1/2"]
[WhiteElo "2106"]
[BlackElo "2301"]
[PlyCount "60"]
[EventDate "2001.??.??"]
[EventType "swiss"]
[EventRounds "9"]
[EventCountry "DEN"]
[SourceDate "2005.12.01"]

1. d4 e6 2. c4 Bb4+ 3. Bd2 c5 4. Bxb4 cxb4 5. Nf3 Nf6 6. Nbd2 O-O 7. e4 d6 8.
h3 e5 9. Bd3 exd4 10. Nxd4 Nc6 11. Nxc6 bxc6 12. O-O Re8 13. Qc2 c5 14. Rae1
Nh5 15. e5 dxe5 16. Bxh7+ Kh8 17. Be4 Rb8 18. Nf3 Qf6 19. Re3 Nf4 20. Rd1 Be6
21. h4 Bg4 22. g3 Ne6 23. Rd5 Nd4 24. Qd3 Bxf3 25. Bxf3 Rbd8 26. Qe4 Rxd5 27.
Qxd5 Rd8 28. Qe4 Qe6 29. Bg2 Re8 30. Qb7 Qe7 1/2-1/2

[Event "Ronne Jubilaum"]
[Site "Ronne"]
[Date "2001.06.28"]
[Round "7"]
[White "Demina, Julia"]
[Black "Aaberg, Anton"]
[Result "1/2-1/2"]
[WhiteElo "2350"]
[BlackElo "2266"]
[PlyCount "41"]
[EventDate "2001.??.??"]
[EventType "swiss"]
[EventRounds "9"]
[EventCountry "DEN"]
[SourceDate "2005.12.01"]

1. d4 d5 2. Nf3 Nf6 3. c4 c6 4. Nc3 dxc4 5. a4 Bf5 6. Ne5 e6 7. f3 Bb4 8. e4
Bxe4 9. fxe4 Nxe4 10. Bd2 Qxd4 11. Nxe4 Qxe4+ 12. Qe2 Bxd2+ 13. Kxd2 Qd5+ 14.
Kc2 Na6 15. Nxc4 O-O 16. Qe5 Rab8 17. Rd1 Nb4+ 18. Kc1 Na2+ 19. Kc2 Nb4+ 20.
Kc1 Na2+ 21. Kc2 1/2-1/2

[Event "Ronne Jubilaum"]
[Site "Ronne"]
[Date "2001.06.28"]
[Round "7"]
[White "Baekgaard, Martin"]
[Black "Larsen, Karsten"]
[Result "0-1"]
[WhiteElo "2270"]
[BlackElo "2304"]
[PlyCount "78"]
[EventDate "2001.??.??"]
[EventType "swiss"]
[EventRounds "9"]
[EventCountry "DEN"]
[SourceDate "2005.12.01"]

1. Nf3 Nf6 2. c4 g6 3. g3 Bg7 4. Bg2 d6 5. Nc3 O-O 6. d3 Nc6 7. O-O e5 8. Rb1
h6 9. Nd2 Nh5 10. b4 f5 11. b5 Ne7 12. Qb3 Kh7 13. a4 Rb8 14. Ba3 Be6 15. Nd5
g5 16. Qc2 b6 17. e3 Ng6 18. a5 Nf6 19. Nb4 Qd7 20. d4 exd4 21. exd4 f4 22. Nc6
Ra8 23. Ne4 Bf5 24. Nxf6+ Rxf6 25. Be4 Bxe4 26. Qxe4 f3 27. Kh1 Re8 28. Qd3 Qh3
29. Rg1 Re2 30. Rbf1 Kh8 31. Bc1 Rf5 32. g4 Rf6 33. Qd1 Nh4 34. Rg3 Qg2+ 35.
Rxg2 fxg2+ 36. Kg1 gxf1=Q+ 37. Qxf1 Nf3+ 38. Kg2 Re1 39. Qd3 Nh4+ 0-1

[Event "Ronne Jubilaum"]
[Site "Ronne"]
[Date "2001.06.28"]
[Round "7"]
[White "Hafner, Christian"]
[Black "Hartvig, Ove Weiss"]
[Result "1-0"]
[WhiteElo "2111"]
[BlackElo "2285"]
[PlyCount "73"]
[EventDate "2001.??.??"]
[EventType "swiss"]
[EventRounds "9"]
[EventCountry "DEN"]
[SourceDate "2005.12.01"]

1. e4 c5 2. Nf3 d6 3. d4 cxd4 4. Nxd4 Nf6 5. Nc3 g6 6. Be3 Bg7 7. f3 O-O 8. Qd2
Nc6 9. Bc4 Bd7 10. h4 Rc8 11. Bb3 h5 12. O-O-O Ne5 13. Bg5 Rc5 14. f4 Neg4 15.
Rhe1 Qa5 16. Kb1 e5 17. Nde2 Nf2 18. Bxf6 Nxd1 19. Rxd1 Bxf6 20. Qxd6 Be6 21.
Bxe6 fxe6 22. Qxe6+ Kh8 23. f5 Rc6 24. Qd7 Qc7 25. fxg6 Qxd7 26. Rxd7 Bg7 27.
a4 Rb8 28. g4 hxg4 29. h5 Bf6 30. Ng3 Bg5 31. Nf5 Rc4 32. Nd6 Rd4 33. Nd5 g3
34. Nf7+ Kg8 35. Nxg5 g2 36. Nf6+ Kf8 37. Rf7# 1-0